Urban Code. 100 Lessons for Understanding the City /

Guardado en:
Detalles Bibliográficos
Autores principales: Mikoleit, Anne (Autor), Pürckhauer, Moritz (Autor)
Formato: Libro
Lenguaje:inglés
Publicado: Zürich : Massachusetts Institute of Technology and gta Verlag, 2011
Materias:
Etiquetas: Agregar Etiqueta
Sin Etiquetas, Sea el primero en etiquetar este registro!

MARC

LEADER 00000nam a22000003a 4500
001 0028600
005 20190325140501.5
008 130227s2011------------------------eng-d
020 |a 978-0-262-01641-4 
040 |a STU  |b slo 
041 0 |a eng 
044 |a sz 
100 1 |a Mikoleit, Anne  |4 aut 
245 1 |a Urban Code. 100 Lessons for Understanding the City /  |c aut. Anne Mikoleit, Moritz Pürckhauer 
260 |a Zürich :  |b Massachusetts Institute of Technology and gta Verlag,  |c 2011 
300 |a 111 s. 
650 7 |a urbanizmus sídiel  |2 stusub  |7 unknown*stus30590 
650 7 |a urbanism  |2 estusub  |7 unknown*stus20164 
650 7 |a mesto  |2 stusub  |7 unknown*stus14147 
700 1 |a Pürckhauer, Moritz  |r Z6  |4 aut 
996 |b 284AU06763  |c A* 9839/U  |l AAKNST  |s P  |a 0  |w 0028600_0001 
996 |b 284AU07154  |c A* 10384/U  |l AA2120  |s P  |a 0  |w 0028600_0002